000 00535nmm a2200169Ia 4500
008 251105s9999||||xx |||||||||||||||||und||
020 _a9788497427142
041 _aspa
100 _aSerrano de Xandri, Leonor
245 0 _aLa educación de la mujer de mañana
264 _a[Madrid, España] :
_bBiblioteca Nueva,
_c2007
300 _a316 páginas
490 _aMemoria y crítica de la educación: Serie Clásicos
650 _aGender and Women Studies
856 _uhttps://public.digitaliapublishing.com/a/6311
942 _cCF
999 _c90353
_d90353